ბათუმის შოთა რუსთაველის სახელმწიფო უნივერსიტეტის ბიბლიოთეკა

Total English : Elementary Workbook (with key) / (ბიბ.ჩანაწერი № 49643)

000 -LEADER
fixed length control field 00649nam a2200241Ia 4500
001 - CONTROL NUMBER
control field 16575
003 - CONTROL NUMBER IDENTIFIER
control field GE_BSU
005 - DATE AND TIME OF LATEST TRANSACTION
control field 20250204104444.0
008 - FIXED-LENGTH DATA ELEMENTS--GENERAL INFORMATION
fixed length control field 181216s2005||||enk|||||||||||||| ||eng||
020 ## - INTERNATIONAL STANDARD BOOK NUMBER
International Standard Book Number 9781405819879
040 ## - CATALOGING SOURCE
Transcribing agency GE_BSU
041 ## - LANGUAGE CODE
Language code of text/sound track or separate title eng
080 ## - UNIVERSAL DECIMAL CLASSIFICATION NUMBER
Universal Decimal Classification number 811.111(75.08) A-18
100 ## - MAIN ENTRY--PERSONAL NAME
Personal name Foley, Mark
9 (RLIN) 24180
245 ## - TITLE STATEMENT
Title Total English : Elementary Workbook (with key) /
Statement of responsibility, etc. Mark Foley, Diane Hall.
264 ## - PRODUCTION, PUBLICATION, DISTRIBUTION, MANUFACTURE, AND COPYRIGHT NOTICE
Place of production, publication, distribution, manufacture Edinburg :
Name of producer, publisher, distributor, manufacturer Pearson Longman,
Date of production, publication, distribution, manufacture, or copyright notice 2005.
300 ## - PHYSICAL DESCRIPTION
Extent 96 p. ;
Dimensions 29 cm.
653 ## - INDEX TERM--UNCONTROLLED
keyword Elementary Workbook
653 ## - INDEX TERM--UNCONTROLLED
keyword Total English
700 ## - ADDED ENTRY--PERSONAL NAME
Personal name Hall, Diane
Titles and other words associated with a name author
9 (RLIN) 24220
942 ## - ADDED ENTRY ELEMENTS (KOHA)
Koha item type წიგნი
Source of classification or shelving scheme
ეგზემპლარები
Withdrawn status Lost status Source of classification or shelving scheme Damaged status Not for loan Permanent Location Current Location Shelving location Date acquired Cost, normal purchase price Full call number Barcode Date last seen Copy number Price effective from Koha item type Public note
          ბათუმის შოთა რუსთაველის სახელმწიფო უნივერსიტეტის მთავარი ბიბლიოთეკა ბათუმის შოთა რუსთაველის სახელმწიფო უნივერსიტეტის მთავარი ბიბლიოთეკა წიგნსაცავი 2018-12-17 5.00 811.111(75.08) A-18 27659 2018-12-17 27659 2018-12-17 წიგნი 5.00 ₾.